000 00454nam a22001577a 4500
005 20241213141649.0
008 241213b ||||| |||| 00| 0 eng d
040 _cAL
082 _223
_a348.04
_bEASS
100 _aEastern Book Company
_9190799
245 _aSupreme Court Cases: Supplement Vol 3
260 _aLucknow
_bEastern Book Company
_c1993
650 _aLaw
_9190800
650 _aMode of Citation 1993 supp (3) SCC
_9190801
942 _2ddc
_cBI
999 _c232843
_d232843